[Event "EU-chT (Men) 13th"]
[Site "Leon"]
[Date "2001.11.15"]
[Round "9.1"]
[White "Gelfand, Boris"]
[Black "Van Wely, Loek"]
[Result "1-0"]
[WhiteElo "2701"]
[BlackElo "2714"]
[Annotator "Gelfand,Boris"]
[PlyCount "73"]
[EventDate "2001.11.06"]
[EventType "team-swiss"]
[EventRounds "9"]
[EventCountry "ESP"]
[SourceTitle "CBM 086"]
[Source "ChessBase"]
[SourceDate "2002.02.05"]
[SourceVersion "1"]
[SourceVersionDate "2002.02.05"]
[SourceQuality "1"]
[WhiteTeam "Israel"]
[BlackTeam "Netherlands"]
[WhiteTeamCountry "ISR"]
[BlackTeamCountry "NED"]

1. d4 {Wells. Ftacnik} Nf6 2. c4 g6 3. g3 c6 4. Bg2 d5 5. cxd5 cxd5 6. Nc3 Bg7
7. Nf3 O-O 8. Ne5 e6 9. O-O Nfd7 10. f4 Nb6 $6 {Wells: 'I find this move
strange, and given how quickly black finds himself in very real difficulties,
I am rather inclined to lay the blame here initially. To be sure, if white
counters'} (10... Nc6 {Wells with} 11. Be3 {then} Nb6) 11. b3 f6 12. Nd3 Rf7 (
12... Nc6 13. e3 $14) 13. a4 Nc6 14. e3 Rb8 (14... f5 $14) 15. g4 {/\f5} (15.
Ba3 $14) (15. a5 {Ftacnik} Nd7 16. b4 b6 $11) 15... a5 16. Ba3 Bf8 17. Bc5 (17.
Bxf8 Rxf8 18. Rc1 $14) 17... Kg7 18. Rc1 (18. f5 $6 exf5 19. Bxb6 Qxb6 20. Nxd5
Qd8 21. gxf5 Bxf5 22. e4 Bc8 $13) 18... Bxc5 {'?!' Ftacnik. Ftacnik: 'This
exchange is strategically wrong, as white is getting stronghold on d6 and his
pawn structure comes to life. '} (18... f5 $14) (18... Bd7 {Ftacnik} 19. Rf2
$14) (18... Nd7 {Ftacnik} 19. Bxf8+ Rxf8 20. Rf2 $14) 19. dxc5 $1 (19. Nxc5 $14
) 19... Na8 (19... Nd7 {Ftacnik} 20. Nb5 (20. f5 {Ftacnik} Nde5 21. fxg6 hxg6
22. Nxe5 Nxe5 23. Nb5 $14) (20. e4 $6 {Ftacnik} d4 21. Nb5 e5 22. Nd6 Rf8 $11)
20... Re7 21. g5 $14) 20. Nb5 Nc7 21. Qe1 (21. Nd6 Rf8 22. f5 exf5 23. gxf5 g5)
(21. g5 $142 $5 fxg5 22. fxg5 $16) 21... Na6 (21... b6 $5 $132 22. Nd4 Nxd4 23.
exd4 Ba6 24. Rf3 Bxd3 25. Rxd3 bxc5 26. dxc5 Rb4 27. Qe3 Re7 28. g5) 22. e4 {
'!' Ftacnik.} dxe4 $6 (22... b6 $142) 23. Bxe4 Rd7 24. Qc3 $1 b6 {Diagram [#]}
(24... Nd4 25. Rce1 $16) (24... Kg8 25. Rce1 f5 $140 26. gxf5 gxf5 (26... exf5
27. Bxc6 bxc6 28. Nd6) 27. Re2 (27. Re3 Rg7+ 28. Bg2) 27... Rg7+ (27... Ne7 28.
Rg2+ Ng6 29. Ne5 fxe4 30. Nxg6) 28. Rg2 $18) (24... Ncb4 25. Nxb4 axb4 26. Qe3
$18) (24... Ne7 {Ftacnik} 25. g5 Nd5 26. Bxd5 exd5 27. Qd4 h6 28. c6 bxc6 29.
Rxc6 $16) 25. Ne5 $1 $18 {'!' Ftacnik. Ftacnik: 'Black was tying to be very
smart with 24..b6 move, but this fascinating idea refutes the defense. '} (25.
g5 Nd4) (25. Bxc6 $2 {Ftacnik} Rxd3 $17) 25... Nxe5 (25... fxe5 26. Bxc6 Rd2
27. Nd6 Rd4 28. Qe3 bxc5 29. Qxe5+ Kg8 30. Ne8 $18) 26. fxe5 Nxc5 (26... f5 27.
c6) 27. exf6+ Kf7 (27... Kg8 28. Rcd1) 28. Qh3 Qg8 29. Bc6 Rd3 30. Be8+ $3 {
Ftacnik: 'This impressive final combination is very original and neat, Gelfand
has played a great game.'} Kxe8 31. f7+ Qxf7 32. Nd6+ $1 Rxd6 33. Rxf7 Kxf7 34.
Qxh7+ Ke8 35. Qc7 $1 Rd4 36. Qxb8 Kd7 37. h3 1-0

[Event "Enghien les Bains"]
[Site "Enghien les Bains"]
[Date "2003.06.20"]
[Round "7"]
[White "Gelfand, Boris"]
[Black "Polgar, Judit"]
[Result "1-0"]
[WhiteElo "2700"]
[BlackElo "2715"]
[Annotator "Ribli,Z"]
[PlyCount "79"]
[EventDate "2003.06.13"]
[EventType "tourn"]
[EventRounds "9"]
[EventCountry "FRA"]
[EventCategory "17"]
[SourceTitle "CBM 096"]
[Source "ChessBase"]
[SourceDate "2003.09.25"]
[SourceVersion "1"]
[SourceVersionDate "2003.09.25"]
[SourceQuality "1"]

1. e4 {Ftacnik. Eine Überraschung - GM Gelfand eröffnet gewöhnlich mit 1.d4.}
c5 2. Nf3 e6 3. d4 cxd4 4. Nxd4 Nc6 5. Nc3 Qc7 {Die beste weibliche Spielerin
der Welt spielt gern die Taimanov-Paulsen Variante.} 6. Be2 Nf6 7. O-O a6 8.
Be3 Bb4 {Dieser Läuferzug ist von eigenständiger Bedeutung - statt dessen
konnte Schwarz mit 8...d6 in die Scheweninger Variante überleiten.} 9. Na4 Be7
10. Nxc6 bxc6 11. Nb6 Rb8 12. Nxc8 Qxc8 13. Bd4 O-O {Das ist eine relativ neue
Variante - die populärere Fortsetzung ist 13...c5.} 14. e5 (14. Qd3 Qc7 15. b3
a5 16. Rad1 d5 17. exd5 Nxd5 (17... cxd5 $5) 18. Bf3 Rfd8 19. c4 Nf6 20. Qc3
Bd6 21. g3 c5 $5 22. Bxf6 gxf6 23. Qxf6 Be7 24. Qh6 Qe5 25. Rde1 Qf6 26. Qh5
Bf8 {1/2-1/2 Shirov,A-Anand,V/Linares 2002/CBM 88 (52)}) 14... Nd5 15. c4 {
Diese Spielweise erinner mich an die Variante 13.e5 Nd5 14.Bc1 Bc5 15.c4.} (15.
b3 f6 16. c4 Nf4 17. Bf3 Qc7 (17... c5 18. Bc3 Qc7 19. Re1 Ng6 $11) 18. Re1 Ng6
19. exf6 Bxf6 $11 {0-1 Khalifman,A-Anand,V/Dubai 2002/CBM 89/[Ribli] (48)})
15... Nf4 16. g3 (16. Bf3 Qc7 $5 17. Re1 (17. c5 f6 18. exf6 Bxf6 19. Bxf6 Rxf6
20. Qd2 a5 21. Rac1 Rb4 22. g3 Nd5 {1/2-1/2 Dolmatov,S-Kurajica,B/Istanbul
2003/CBM96 (31)}) (17. Qc2 c5 18. Bc3 d6 19. exd6 Bxd6 20. Rad1 Ng6 21. g3 Be5
22. Rd2 Rfd8 {0-1 Shomoev,A-Mastrovasilis,D/Istanbul 2003/CBM96 (55)}) 17...
Ng6 18. c5 f6 19. exf6 Bxf6 20. Be4 Nf4 21. Bxf6 Rxf6 22. Qc2 h6 (22... g6 23.
Rad1 Rbf8 24. a3 a5 25. Rd2 R8f7 26. Qc3 Nd5 {1/2-1/2 Hansen,C-Lindberg,B/
Malmoe SWE 2003/ (60)}) 23. Rad1 Nd5 24. g3 a5 25. a3 Rff8 (25... Rbf8 26. Re2
$14) 26. Re2 Qd8 27. Rd4 $5 Rb7 {1/2-1/2 Kasparov,G-Anand,V/Linares 2002/CBM
88/[Ribli] (42)}) 16... c5 (16... Nxe2+ 17. Qxe2 c5 18. Bc3 f6 (18... Qc6 $5)
19. Rad1 fxe5 20. Bxe5 Rb6 21. Rd2 Bf6 22. Bxf6 Rxf6 23. Rfd1 Rf7 24. Rd3 $14 {
1-0 Tseshkovsky,V-Tregubov,P/Krasnodar 2000/EXT 2001 (68)}) 17. Bc3 Ng6 $6 {
Ftacnik: 'Polgar has great affection for this system and independently
searches for her own ways.'} (17... Nh3+ 18. Kg2 Ng5 19. Qd3 f5 20. Rad1 Rb7
21. Bf3 Nxf3 22. Qxf3 $14 {Weiß hat Raumvorteil und übt positionellen Druck
auf der d-Linie aus.}) (17... Nxe2+ $5 18. Qxe2) 18. h4 $14 {[%csl Gc3,Ge2,Ge5,
Rg6][%cal Gh4h5][%mdl 4] Weiß hat Raumvorteil und das Läuferpaar. Mit dem
Textzug bereitet er die Vertreibung des schlechten Ng6 vor.} f6 {Das ist die
einzige Chance auf etwas Gegenspiel.} 19. f4 (19. exf6 {Ftacnik} Bxf6 20. Bxf6
Rxf6 21. b3 Qc6 $15) 19... fxe5 20. h5 $1 Nh8 {[%csl Rh8] Man kann sich schwer
vorstellen, wo der Springer noch schlechter stehen könnte als in der Ecke -
aber Schwarz bleibt hier keine Wahl.} (20... Nxf4 {Ftacnik} 21. gxf4 exf4 22.
Qc2 Rf5 23. Bf3 $16) 21. Bxe5 {[%csl Ge2,Ge5]} (21. Bd3 Nf7 (21... exf4 22. Qc2
$16) 22. Qc2 h6 23. Qe2 {[%cal Ge2e4,Gd3h7]} d5 24. Bxe5 (24. Qg4 d4 25. Qg6 e4
26. Qxe4 Re8 27. Ba5 Rxb2 28. Rfb1 $44) 24... Nxe5 25. fxe5 $14) (21. fxe5 {
Ftacnik} Nf7 22. Bd3 Qc6 23. Qg4 Ng5 $11) 21... Rb6 (21... d6 22. Bc3 Bf6 23.
Bxf6 Rxf6 24. Qxd6 Rxb2 25. Qe5 $16) 22. Bd3 Nf7 (22... d6 {Ftacnik} 23. Bc3
Qe8 24. f5 $1 Bf6 25. fxe6 Bxc3 26. Rxf8+ Kxf8 27. bxc3 Qxe6 28. Qf3+ $16) 23.
Qg4 (23. Bc3 $14) (23. Qc2 {Ftacnik} h6 24. Qg2 Nd6 25. Rae1 Bf6 26. b3 Qe8 $14
) 23... Nxe5 24. fxe5 Qe8 $8 {Schwarz kontrolliert den Ph5, nach 25.Qe4 könnte
er 25...Qxh5 erwidern.} (24... Rxb2 {'?' Ftacnik.} 25. h6 Rxf1+ (25... g6 {
Ftacnik} 26. Bxg6 $18) 26. Rxf1 g6 27. Bxg6 $18) 25. b3 Rb8 (25... d5 {Ftacnik}
26. Rxf8+ Qxf8 27. Rf1 Qe8 28. h6 g6 29. cxd5 exd5 30. Qf3 $16) (25... a5 {
Ftacnik} 26. Rxf8+ Bxf8 27. Rf1 Rb8 28. Bg6 $1 Qe7 (28... Qd8 29. h6 hxg6 30.
Qxg6 Qe8 31. Rf7 Qxf7 32. h7+ Kh8 33. Qxf7 Kxh7 34. Qxd7 $18) 29. Rf7 Qd8 30.
h6 hxg6 31. Qxg6 $18) 26. Rxf8+ {'?' Ftacnik.} (26. Kg2 $1 {(Ftacnik) Gelfand
suspected, that his opponent will have a hard time defending the weak light
squares. In the heat of the fight he missed the fact, that he is nearly
winning due to the great motif with Bg6.} Rxf1 (26... Rb6 27. Rxf8+ Bxf8 28.
Rf1 Rb8 29. Bg6 $18) 27. Rxf1 Bf8 28. Bg6 $1 (28. Rh1 d5 29. cxd5 exd5 30. Qf5
g6 31. hxg6 hxg6 32. Qh3 $18) 28... Qe7 29. Rf7 Qd8 30. h6 $18) 26... Bxf8 (
26... Qxf8 $2 27. Qe4 $18) 27. Rf1 $16 {[%csl Gd3,Gf1,Gg4] Weiß hat viel
besseres Figurenspiel und übt spürbar Druck am Königsflügel aus, vor allem auf
den weißen Feldern.} Kh8 28. Kg2 {[%cal Gf1h1,Gh1h8] Dieser Königszug bereitet
Rh1 vor - auf 29.Qe4 folgt Qxh5.} d6 (28... Kg8 {Ftacnik} 29. Qe4 Qxh5 30. Rh1
Qg5 (30... Qf5 31. Qe3 Qg4 32. Bxh7+ Kf7 33. Rh4 Qd1 34. Rf4+ Ke7 35. Qxc5+ $18
) 31. Qxh7+ Kf7 32. Rf1+ Ke7 33. Bg6 Qxe5 34. Qg8 Qb2+ 35. Rf2 Qa1 36. Qf7+ Kd6
37. Rd2+ Kc6 38. Qxd7+ Kb6 39. b4 $18) 29. Qe4 Qxh5 (29... g6 {Ftacnik} 30.
exd6 Bxd6 31. Rf6 Kg7 32. Rxe6 Qd7 33. Qd5 Rd8 34. Bxg6 $1 $18) 30. exd6 (30.
Rh1 Qf5 31. Qxf5 (31. Rxh7+ Kg8 (31... Kxh7 $2 32. Qf3 $18) 32. Qxf5 (32. Rh8+
{Ftacnik} Kf7 33. Qc6 Qxd3 34. Qc7+ Be7 35. Qxb8 Qe2+ 36. Kh3 Qf1+ $11) 32...
exf5 33. Bxf5 dxe5 34. Kf3 $14) 31... exf5 32. Bxf5 dxe5 33. Bxh7 $16) 30...
Bxd6 31. Rh1 {[%csl Rh7][%cal Rh1h8]} (31. Qxe6 {Ftacnik} Qe5 $14) 31... Qf5
32. Rxh7+ $1 Kg8 (32... Kxh7 $2 33. Qf3 $18 g6 {Ftacnik} 34. Bxf5 exf5 35. Qc6
Rd8 36. Qxa6 $18) 33. Qe2 (33. Qxf5 exf5 34. Bxf5 Re8 $132 35. Rh1 (35. Kf3 $2
Rf8 $19) (35. Bd3 Re3) 35... Re2+ 36. Kf3 Rxa2 37. Rd1 Be7 $11) (33. Rh8+ {
Ftacnik} Kf7 34. Qxf5+ exf5 35. Rxb8 Bxb8 36. Bxf5 $11) 33... Qe5 (33... Qf6
34. Qh5 {[%cal Rh7h8,Rh8g8]} Kf8 35. Rh8+ Ke7 36. Rxb8 Bxb8 37. Qxc5+ $16) 34.
Qg4 Rf8 $2 {Ftacnik: 'Even though Judit is a fascinating chessplayer she is
also able to lose overwiev under the strain. The correct 34...Rd8! would
indirectly address the bishop on d3 and nearly equalize the chances. The game
move is robbing her own king of the fleeing square f8.' Ein Fehler in passive
Stellung. Dieser schablonenhafte Zug ist nicht die beste Fortsetzung für
Schwarz.} (34... Rd8 $142 {'!' Ftacnik.} 35. Rh5 (35. Qg6 {Ftacnik} Qxg3+ $1
36. Qxg3 Bxg3 $17) (35. Be4 {Ftacnik} Qb2+ 36. Kh3 Qf6 37. Qh5 Qf1+ 38. Kg4 Kf8
$13) (35. Qg6 Qxg3+ $1 36. Qxg3 Bxg3 $17) 35... Qf6 36. Qe4 Kf7 $16) 35. Qg6 $1
{[%csl Rg8][%cal Rh7h8,Rh8g8][%mdl 128] Die weiße Drohung ist 36.Rh8+! Kxh8 37.
Qh7#.} Rf5 36. Rh2 (36. Bxf5 $2 Qe2+ 37. Kg1 Qe1+ $11) 36... Kf8 37. Rh8+ (37.
Bxf5 $18) 37... Ke7 38. Bxf5 $18 (38. Re8+ Kd7 39. Rxe6 $1 $18) 38... Qe2+ 39.
Kh3 Qf1+ 40. Kh4 1-0

[Event "RUS-chT 12th"]
[Site "Sochi"]
[Date "2005.04.25"]
[Round "7"]
[White "Ivanchuk, Vassily"]
[Black "Gelfand, Boris"]
[Result "0-1"]
[WhiteElo "2739"]
[BlackElo "2713"]
[Annotator "Huebner,R"]
[PlyCount "98"]
[EventDate "2005.04.19"]
[EventType "team-tourn"]
[EventRounds "11"]
[EventCountry "RUS"]
[SourceTitle "EXT 2020"]
[Source "ChessBase"]
[SourceDate "2019.10.17"]
[SourceVersion "1"]
[SourceVersionDate "2019.10.17"]
[SourceQuality "1"]
[WhiteTeam "Saransk TPS"]
[BlackTeam "Samara Termosteps"]
[WhiteTeamCountry "RUS"]
[BlackTeamCountry "RUS"]

1. d4 {Gelfand,B} d5 2. c4 c6 3. Nf3 Nf6 4. Nc3 dxc4 5. a4 Bf5 6. Ne5 Nbd7 7.
Nxc4 Qc7 8. g3 e5 9. dxe5 Nxe5 10. Bf4 Nfd7 11. Bg2 g5 12. Ne3 gxf4 13. Nxf5
O-O-O 14. Qc2 Nc5 15. O-O fxg3 16. hxg3 a5 17. Rfd1 (17. Ne4 Ne6 18. Rad1 Bb4
19. Rxd8+ Rxd8 20. Rd1 Kb8 21. e3 h5 22. Qe2 Ng4 23. Rxd8+ Qxd8 24. Bf3 Qg8 25.
Bxg4 hxg4 26. Nd4 $11 {0-1 Ruck,R-Van Wely,L/Panormo 2002/CBM 090 ext (66). 
(66)}) 17... h5 {'!?' Gelfand,B.} 18. Rxd8+ Qxd8 19. Rd1 Qf6 {'N!?' Gelfand,B.}
(19... Qc7 20. Ne4 Nxe4 21. Qxe4 Bb4 22. Qh4 Kb8 23. Qf6 Rg8 24. Qh6 Ng4 25.
Qxh5 Qe5 26. Bh3 Qxe2 27. Bxg4 Qxg4 $2 28. Qxg4 Rxg4 29. f4 $14 {1/2-1/2
Sasikiran,K-Sturua,Z/Dubai 2002/CBM 087 ext (51). (51)}) 20. e4 {Dies ist eine
interessante positionelle Entscheidung. Weiß befestigt den Springer auf f5 und
baut Potential zum Vorgehen im Zentrum auf.} (20. Qd2 Kb8 {ergibt nicht viel.})
20... h4 $6 (20... Ng6 {sieht plausibler aus.}) 21. f4 $6 ({Mir ist nicht klar,
wie Schwarz nach} 21. Nxh4 {Kompensation für den geopferten Bauern nachweist.}
Rxh4 $1 {(Gelfand,B)} 22. gxh4 Qxh4 23. Ne2 Ne6 (23... Ng4 24. Nd4 $1 $16 {
Dreev,A} (24. Ng3 $2 Qh2+ 25. Kf1 Qxg3)) 24. Qc3 $1 Bc5 (24... Ng4 25. Qg3) 25.
Qg3 Qxg3 (25... Qf6 26. Bh3) 26. Nxg3 Nf4 $44) 21... Ng6 22. e5 (22. Bh3 $5 {
Gelfand,B}) (22. Qd2 {Gelfand,B}) 22... Qe6 23. Nd6+ {'?' Gelfand,B. Weiß muß
vermeiden, daß die Dame des Schwarzen nach c4 kommt. Der Textzug verliert
nicht; es gab jedoch mehrere andere Möglichkeiten.} (23. Ne2 {'!?' Gelfand,B.}
hxg3 {Gelfand,B: '-23.Ne2'} 24. Rd6 {'!' Gelfand,B.} (24. Nd6+ Bxd6 25. Rxd6
Qg4 26. Qxc5 (26. Bxc6 Kb8 {ist zu gefährlich für Weiß.}) 26... Qxe2 27. Rxc6+
{ergibt Remis.} Kb8 $11 {Gelfand,B} (27... bxc6 {Gelfand,B} 28. Qxc6+ Kd8 29.
Qb6+ Ke8 $11)) 24... Bxd6 (24... Qa2 {Gelfand,B} 25. Qxc5 Qb1+ 26. Qc1 (26. Nc1
Qxf5 27. Rxc6+ bxc6 28. Qxc6+ Kd8 29. Qb6+ Kd7 30. Bc6+ Kc8 $11) 26... Qxc1+
27. Nxc1 Bxd6 (27... Nxf4 28. Rf6 $16) 28. Nxd6+ Kc7 $13) 25. Nxd6+ Kb8 26.
Qxc5 {'+/-' Gelfand,B.} Qb3 27. Qd4 Rd8 {führt zu einer undeutlichen Lage.}) ({
Zum Ausgleich genügt} 23. Ne4 Nxe4 24. Bxe4 hxg3 25. Nxg3 {usw.} (25. Nd4 {
Gelfand,B} Qe7 $13) (25. Nd6+ {(Gelfand,B)} Bxd6 26. Rxd6 (26. Bf5 $2 Bc5+)
26... Qe7 $11)) (23. Bh3 $5 {(Gelfand,B)} Kc7 24. Qd2 $13) 23... Bxd6 24. Rxd6
$6 ({Besser ist} 24. exd6 hxg3 25. Nd5 Qg4 26. Re1 Nd7 27. Qc3 Kb8 28. Qxa5
Nxf4 {mit Remisschluß.}) 24... Qc4 {Jetzt fällt der Königsflügel des Weißen
auseinander.} 25. Bf1 $2 ({Die Fortsetzung} 25. Qe2 {'>=' Gelfand,B.} Qb4 (
25... Qxe2 26. Nxe2 Nxa4 (26... hxg3 {Gelfand,B} 27. Rf6 $132) 27. b3 Nc5 (
27... Nb6 28. Be4) 28. Bxc6 {ist nicht überzeugend für Schwarz.}) 26. f5 Ne7 {
'-/+' Gelfand,B. Gelfand,B: ' '} (26... Nf8 27. Qe3 {sieht für Schwarz nicht
besonders günstig aus.}) 27. f6 Ng6 28. Bxc6 hxg3 ({Auf} 28... bxc6 {folgt} 29.
Rxc6+ Kd7 30. Rc7+) 29. Bg2 ({Nach} 29. Qe3 Nh4 {dürfte der Angriff des
Schwarzen durchdringen.}) 29... Nf4 30. Qb5 {bot bessere Überlebensaussichten.}
) (25. Bxc6 {Gelfand,B} bxc6 (25... hxg3 26. Bg2 Nxf4) 26. Rxc6+ Kb7 27. Qg2
Qd4+ $19) 25... Qb4 {'-+' Gelfand,B.} 26. Na2 (26. Qf5+ Kb8 27. Qxf7 hxg3 {
'!' Gelfand,B. überläßt dem Schwarzen einen entscheidenden Angriff.} 28. Qxg6 {
Gelfand,B} (28. Rxg6 {Gelfand,B} Qd4+) 28... Qxf4) 26... Qb6 $19 27. Kh2 (27.
Qf2 {(Gelfand,B)} hxg3 28. Qe3 Nxf4) 27... hxg3+ {Gelfand,B: ' '} (27... Ne4 {
'!' Gelfand,B. ist zwingender.}) (27... Ne6 {Gelfand,B} 28. g4 Ngxf4) 28. Kxg3
Ne6 29. Qf2 Qxf2+ 30. Kxf2 Ngxf4 31. Rd2 Rh5 32. b4 Rxe5 33. Bc4 Kc7 34. Kf3
axb4 35. Nxb4 Rc5 36. Bf1 Rc1 37. Kf2 Ra1 38. Ra2 Rxa2+ 39. Nxa2 Kb6 40. Bc4
Ka5 41. Bb3 Nd5 42. Bxd5 cxd5 43. Nc3 d4 44. Ne4 Kxa4 45. Nd6 Kb3 46. Nxb7 d3
47. Na5+ Kc2 48. Nc4 d2 49. Ne3+ Kc1 0-1

[Event "Corus"]
[Site "Wijk aan Zee"]
[Date "2006.01.16"]
[Round "3"]
[White "Gelfand, Boris"]
[Black "Adams, Michael"]
[Result "1-0"]
[WhiteElo "2723"]
[BlackElo "2707"]
[Annotator "Ftacnik,L"]
[PlyCount "77"]
[EventDate "2006.01.14"]
[EventType "tourn"]
[EventRounds "13"]
[EventCountry "NED"]
[EventCategory "19"]
[SourceTitle "CBM 111"]
[Source "ChessBase"]
[SourceDate "2006.04.04"]
[SourceVersion "1"]
[SourceVersionDate "2006.04.04"]
[SourceQuality "1"]

1. d4 Nf6 2. c4 e6 3. g3 d5 4. Bg2 Bb4+ 5. Bd2 Be7 6. Nf3 O-O 7. O-O c6 8. Bf4
Nbd7 9. Qc2 Nh5 10. Bc1 Nhf6 11. Nbd2 b6 12. e4 dxc4 {Adams is deciding for
the somewhat dubious change of the central pawn structure. The move 12...Bb7
is a well known solid alternative since white knight on d2 is a passive piece
and it is not easy for white to open up the game.} (12... Bb7 13. e5 Ne8 14. b3
Rc8 15. Bb2 Nc7 16. Rfd1 c5 17. dxc5 Bxc5 18. a3 Be7 19. b4 a5 20. Bc3 axb4 21.
axb4 Ra8 22. Rab1 Qc8 23. Nd4 Nxe5 24. Nf5 Ng6 25. Nxe7+ Nxe7 26. Qb2 f6 27.
Bd4 dxc4 28. Bxb7 Qxb7 29. Nxc4 Ncd5 $17 {1/2-1/2 Beliavsky,A (2599)-Georgiev,
K (2666)/Gothenburg 2005/ (46)}) 13. Nxc4 Bb7 14. Bf4 c5 15. Rfe1 $1 {Gelfand
is cherrishing his center and supports the pawn e4 that controls the d5 square.
} (15. e5 $6 Nd5 16. dxc5 Nxc5 17. Rfd1 Rc8 18. Rd4 b5 19. Ncd2 Qb6 20. Rd1 Na4
21. Qb1 Bc5 22. Ng5 g6 $17 {0-1 Giffard,N (2393)-Shchekachev,A (2537)/Evry
2001/ (32)}) 15... cxd4 16. Nd6 d3 (16... Bxd6 17. Bxd6 e5 (17... Re8 18. e5
$14) (17... Rc8 18. Qd3 Nc5 19. Qxd4 e5 20. Bxe5 Qxd4 21. Bxd4 Nfxe4 22. Nh4
$14) 18. Bxf8 Kxf8 $14) 17. Qxd3 $1 Nc5 18. Qd4 Nh5 $2 {[%mdl 2048] The
exchange of the b7 bishop will be very expensive for black. The defender had a
chance to fight for equality with the best move 18...Ba6!?, but the
concentration of white pieces in the center would nevertheless promise some
advantage for Gelfand.} (18... Bc6 19. Rad1 Nb7 20. Qc3 Nxd6 21. Qxc6 Rc8 22.
Qa4 $16) (18... Ba6 $5 19. Rad1 Nh5 20. e5 (20. Be3 Qxd6 $1 (20... Nd3 21. e5
$1 Nxe1 (21... Bxd6 22. Rxd3 Bxd3 23. exd6 Bg6 24. Ne5 $16) 22. Nxe1 Bxd6 (
22... Rb8 23. Qg4 g6 24. Qa4 $16) 23. Qa4 $1 Qe8 24. Bc6 $16) 21. Qxd6 Bxd6 22.
Rxd6 Nxe4 23. Rdd1 Nhf6 24. Ng5 Bb7 25. Bd4 Nd6 26. Nxe6 fxe6 27. Bxf6 gxf6 28.
Rxd6 Bxg2 29. Kxg2 e5 $11) 20... Nxf4 21. gxf4 $14) 19. Nxb7 $1 Nxb7 (19...
Qxd4 20. Nxd4 Nxf4 21. gxf4 Nxb7 22. e5 Rad8 (22... Bc5 23. Nb5 Rab8 24. Nxa7
$16) 23. Nc6 Rd7 24. Red1 Rc7 25. Rac1 Na5 26. Nxe7+ Rxe7 27. b4 Nb7 28. Rc2
$16) 20. Bd2 Nf6 21. Rad1 Qe8 (21... Bc5 22. Qa4 Ng4 23. Rf1 $16) 22. e5 Nd5 (
22... Rd8 $2 23. exf6 $1 Rxd4 24. fxe7 $18) 23. Ng5 h6 $2 {Adams was feeling
the pressure of white pieces, but his defensive move is simply losing the pawn.
Much tougher task for Gelfand would present the best move 23...Nc5.} (23... Nc5
24. b4 (24. Bxd5 exd5 25. Qxd5 $2 Rd8 26. Qc4 Rxd2 $15) 24... Qa4 $1 25. Qg4
Rad8 26. Qh4 (26. Nxh7 Kxh7 27. Qh5+ (27. Qh3+ $2 Kg8 28. bxc5 Nc3 $1 $17)
27... Kg8 28. bxc5 bxc5 29. Be4 f5 30. Bf3 Qe8 31. Qh3 $14) 26... h6 27. bxc5
Qxh4 28. gxh4 hxg5 29. cxb6 axb6 30. hxg5 $16) 24. Bxd5 exd5 25. Qxd5 Bxg5 26.
Bxg5 Nc5 (26... hxg5 27. Qxb7 $16) 27. Be3 Ne6 (27... Rd8 28. Qxd8 Qxd8 29.
Rxd8 Rxd8 30. f4 $16) 28. Qe4 Qb5 29. b3 Rad8 30. Rd6 $1 {The first player is
completely occupying the center and black can only dream about counterplay.}
Rfe8 (30... Rxd6 31. exd6 Rd8 32. Rd1 Qe2 33. Rd2 $16) 31. Red1 Qe2 32. R1d2 (
32. Rxd8 Rxd8 33. Rxd8+ Nxd8 34. Qd5 Ne6 $16) 32... Qe1+ 33. Kg2 Rc8 (33...
Rxd6 34. exd6 Rc8 35. d7 $16) 34. Qg4 Rc1 (34... Kh8 35. Qh5 Kg8 36. Rd7 $18)
35. Rd1 Rxd1 36. Rxd1 Qa5 37. Bxh6 Qxa2 38. Rd6 {Gelfand has given up the pawn
on a2, but in the meantime achieved a huge progress on the kingside.} Re7 $2 (
38... g6 39. Qf3 Qb1 40. h4 $16) 39. Bxg7 $1 (39. Bxg7 $1 Nxg7 40. Rd8+ Kh7 41.
Qh4+ Kg6 42. Rh8 Kf5 43. Qf4+ Ke6 44. Qf6+ Kd5 45. Qd6+ Ke4 46. Rh4+ Kf5 47.
Qf6#) 1-0